Top 5 Most Famous by First Name: E - Statistics

General Stats
  • This quiz has been taken 21 times
  • The average score is 11 of 50
Answer Stats
First Name Last Name Hint Lifespan % Correct
Elizabeth I Queen 1533-1603
79%
Elizabeth II Queen 1926-
79%
Edward I of England King 1239-1307
68%
Emma Watson Actress / Model / Activist 1990-
68%
Ethan Hawke Actor / Writer / Director 1970-
63%
Emily Dickinson Poet 1830-1886
58%
Eva Perón First Lady of Argentina 1919-1952
58%
Edward VI of England King 1537-1553
53%
Ellie Goulding Singer / Songwriter 1986-
47%
Edward Snowden Whistleblower / CIA Employee & Subcontractor 1983-
47%
Emma Stone Actress 1988-
47%
Edward VII King / Emperor 1841-1910
47%
Edward VIII King / Emperor 1894-1972
47%
Emily Blunt Actress 1983-
42%
Eva Mendes Actress / Model / Businesswoman 1974-
32%
Erin Brockovich Legal Clerk / Consumer Advocate / Environmental Activist 1960-
26%
Eva Longoria Actress / Producer 1975-
26%
Elizabeth Taylor Actress / Businesswoman / Humanitarian 1932-2011
26%
Emma Thompson Actress / Screenwriter / Activist / Author / Comedian 1959-
26%
Ethan Allen Farmer / Businessman / Land Speculator / Philosopher / Lay Theologian / Patriot / Politician 1738-1789
21%
Eva Gabor Actress / Businesswoman / Singer / Socialite 1919-1995
21%
Emma Bunton Singer / Songwriter / Media Personality / Actress 1976-
16%
Elizabeth Olsen Actress 1989-
16%
Emily Ratajkowski Model / Actress 1991-
16%
Elizabeth Warren Politician / Law Professor 1949-
16%
Emily Watson Actress 1967-
16%
Ellie Kemper Actress / Comedian / Writer 1980-
11%
Erin Moran Actress 1960-2017
11%
Emily Osment Actress / Singer / Songwriter 1992-
11%
Esme Bianco Actress / Model / Voice Actress / Neo-Burlesque Performer / DJ 1982-
5%
Eva Green Actress / Model 1980-
5%
Esme Morgan Footballer 2000-
5%
Emma Roberts Actress / Singer 1991-
5%
Evie Wyld Author 1980-
5%
Ellie Black Artistic Gymnast 1995-
0%
Ellie Carpenter Footballer 2000-
0%
Ethan Carter III Wrestler 1983-
0%
Evie Clair Musical Artist / TV Personality 2003-
0%
Ethan Couch Manslaughterer 1997-
0%
Esme Creed-Miles Actress 2000-
0%
Ellie Darcey-Alden Actress 1999-
0%
Evie Hone Painter / Stained Glass Artist 1894-1955
0%
Evie Hudak State Legislator 1951-
0%
Erin O'Toole Leader of Canada's Official Opposition 1973-
0%
Esme Patterson Musician 1985-
0%
Erin Phillips Basketball Player / Australian Rules Footballer 1985-
0%
Erin Pizzey Feminist / Men's Rights Advocate / Domestic Abuse Advocate / Novelist 1939-
0%
Evie Sands Singer / Songwriter / Musician 1946-
0%
Ethan Van Sciver Comics Artist / Social Media Personality 1974-
0%
Esme Young Fashion Designer / TV Presenter 1949-
0%
No matching quizzes found
Score Distribution
Percent of People with Each Score
Percentile by Number Answered
Your Score History
You have not taken this quiz